Széchényi

Obsiahly článok venovaný životu a dielu politika, národného buditeľ a osvietenca Istvána (Štefana) Széchényiho.

Podrobná bibliografia
Hlavný autor: -ő. (Author)
Médium: Článok
Jazyk:Hungarian
Témy:
Zdroj: 1. Gömöri Ujság : Szépirodalmi, társadalmi és közgazdasági hetilap 1. Roč. I, č. 2 (10. 4. 1910), s. 1-3.
LEADER 01063nab#a2200337#ar4500
001 000124640
003 SVKKK
005 20181205145540.0
008 181205c1910 xo |||||||||||||||b|hun
FMT
015 |a SNBRB2013/ 
038 |a SVKKK 
040 |a SVKKK  |b slo  |e AACR2 
041 0 |a hun 
044 |a xo  |c SK 
080 |a 929  |2 2011 
100 1 |a -ő.  |4 aut 
242 1 0 |a Széchényi  |y slo 
245 1 0 |a Széchényi 
520 2 |a Obsiahly článok venovaný životu a dielu politika, národného buditeľ a osvietenca Istvána (Štefana) Széchényiho. 
600 1 4 |a Széchényi, István  |d 1791-1860  |x politik  |x osvietenec  |x národný buditeľ  |z Viedeň (Rakúsko)  |z Budapešť (Maďarsko)  |y 1910 
650 0 4 |a životopisy  |x politické osobnosti  |y Rimavská Sobota (Slovensko)  |z 1910 
655 # 4 |a hungariká 
700 1 |4 aut 
773 0 |t Gömöri Ujság : Szépirodalmi, társadalmi és közgazdasági hetilap  |g Roč. I, č. 2 (10. 4. 1910), s. 1-3. 
958 |a HU 
974 |a ebl 
992 |a RBX 
BAS
852 |a SVKKK  |b BIB 
998 |a RETRO